000 00590nam a22002057a 4500
003 BUBTL
008 221130b ||||| |||| 00| 0 eng d
020 _a0140390448
082 _a818.303/ T391w/ 1983
100 _95008
_aThoreau, Henry David
245 _aWalden and Civil Disobedience :
_bHenry David Thoreau
250 _a1st Edn
260 _aU S A
_bPenguin Books
_cc1983
300 _a431p. :
_b19 cm
650 0 _91994
_aEnglish Literature
700 _95008
_aThoreau, Henry David
856 _k0
_l0
_yDownload
942 _2ddc
_cBK
999 _c6847
_d6847